| 000 | 00542nam a22001937a 4500 | ||
|---|---|---|---|
| 003 | KOHA_MİRAKIL | ||
| 005 | 20250410144202.0 | ||
| 008 | 250410b tu ||||| |||| 00| 0 tur d | ||
| 020 | _a9786053263937 | ||
| 040 |
_aTR-AnABB _btur _cTR-AnABB |
||
| 041 | _atur | ||
| 082 |
_a813.311 _bSEZ 2019 |
||
| 100 | 1 | _aSezai, Sami Paşazade, | |
| 245 | 1 | 0 |
_aKüçük Şeyler / _cSami Paşazade Sezai |
| 260 |
_aİstanbul : _bİz Yayıncılık, _c2019 |
||
| 300 |
_a69 sayfa ; _c18 cm |
||
| 650 | 0 | 4 | _aTürk edebiyatı, roman |
| 942 |
_2ddc _cBK |
||
| 999 |
_c8628 _d8628 |
||
| 900 | _bGizem YORULMAZ | ||